000 00317nam a22001337a 4500
008 170824b xxu||||| |||| 00| 0 eng d
020 _a9781115774211
041 _aeng
080 _210 ED
_a51
100 _a38
101 _aMAT
245 _aMATHEMATICS ITS POWER AND LITILITY
_cSMITH.K.J
942 _2udc
_cBK
999 _c24822
_d24822